Normale Ansicht MARC-Ansicht ISBD

Histoire du mouvement anarchiste en France (1880-1914) (Titelsatznr. 26363)

[ MARC ]
MARC-Details
000 -Satzkennung
Kontrollfeld mit fester Länge 00434nac a22001811ca4500
001 - Kontrollnummer
Kontrollfeld a75534
008 - Feld mit fester Länge zur physischen Beschreibung - Allgemeine Angaben
Kontrollfeld mit fester Länge 170707s1951 gw |||| 000u fre d
041 ## - Sprachcode
Sprachcode des Textes/der Tonspur oder des separaten Titels fre
040 ## - Katalogisierungsquelle
Übertragungsstelle RU-10907106
003 - Kontrollnummer Identifier
Kontrollfeld RU-10907106
100 1# - Haupteintragung - Personenname
Personenname Maitron, Jean
245 00 - Titel
Titel Histoire du mouvement anarchiste en France (1880-1914)
264 ## - Produktion, Veröffentlichung, Distribution, Herstellung und Urheberrechtsvermerk
Herstellungs-, Veröffentlichungs- Vertriebs-, Erzeugungsort Paris,
Datum der Herstellung, der Veröffentlichung, des Vertriebs oder des Urheberschutzvermerks 1951
650 #0 - Nebeneintragung unter einem Schlagwort - Sachschlagwort
Sachschlagwort oder geografischer Name als Eintragungselement Anarchismus
650 #0 - Nebeneintragung unter einem Schlagwort - Sachschlagwort
Sachschlagwort oder geografischer Name als Eintragungselement Frankreich <1880-1914>
942 ## - Zusätzliche Felder (Koha)
Koha-Medientyp Monographien
Exemplare
Ausgeschieden Verloren Klassifikation oder Aufstellungssystematik Beschädigt Nicht entleihbar Heimatbibliothek Aufenthaltsbibliothek Aufstellungsort Erwerbungsdatum Inventarnummer Signatur Barcode Letzte Aktivität Preis gültig von Koha-Medientyp
    Andere/Generische Klassifikation     MWN Osteuropa MWN Osteuropa Lesesaal - 1 07/07/2017 06-04309 W 54 D eh Mai 1 (Bd.) 26366 19/02/2021 22/03/2021 Monographien